Comentario a la ética a Nicómaco de Aristóteles

Kaydedildi:
Detaylı Bibliyografya
Yazar: Tomás de Aquino 1220-1274 Santo (Yazar)
Materyal Türü: Kitap
Dil:İspanyolca
Baskı/Yayın Bilgisi: Pamplona Eunsa 2001
Edisyon:2a. ed
Seri Bilgileri:Colección de Pensamiento Medieval y Renacentista
Konular:
Etiketler: Etiketle
Etiket eklenmemiş, İlk siz ekleyin!

MARC

LEADER 00000nam a2200000 a 4500
001 UCM4040
003 CL-VaPUC
008 020726e20010000sp |||||||||||||||||spa|d
082 0 4 |a 185  |b TOM  |2 21 
100 |a Tomás de Aquino  |d 1220-1274  |c Santo  |e author  |9 255832 
245 1 0 |a Comentario a la ética a Nicómaco de Aristóteles 
250 |a 2a. ed 
300 |a 594 p 
942 |c BK 
945 |d 20020726 00:00:00  |a cmena 
260 |a Pamplona  |b Eunsa  |c 2001 
600 0 |a Aristóteles,  |d 384 a.C.- 322 a.C.  |9 194 
650 0 |a Ética  |9 255099 
650 0 |a Comportamiento moral  |9 334569 
650 0 |a Conceptos morales   |9 310606 
650 0 |a Crítica e interpretación   |9 255042 
583 |a last modification  |c 20171010 04:32:13  |k Rodrigo Vera 
490 0 |a Colección de Pensamiento Medieval y Renacentista 
999 |c 300954  |d 300952 
952 |0 0  |1 0  |4 0  |6 185_000000000000000_TOM_2001  |7 0  |8 A  |9 359417  |a BIBEDU  |b BIBEDU  |d 2019-11-21  |i 383123K  |o 185 TOM 2001  |p 383123K  |r 2019-11-21  |w 2019-11-21  |y BK  |k FIL